000 01003cam a2200289 a 4500
001 17382930
003 ARRUPE
005 20131024124809.0
008 120712s2012 ie 001 0 eng
010 _a 2012429383
020 _a9781856077774 (pbk.)
040 _aDLC
_cDLC
_dDLC
042 _apcc
050 0 0 _aBX830.1962
_b.K29 2012
100 1 _aKelly, Kevin T.,
_d1933-
_92974
245 1 0 _a50 years receiving Vatican II :
_ba personal odyssey /
_cKevin T. Kelly.
246 3 _aFifty years receiving Vatican II
260 _aBlackrock, Co. Dublin :
_bColumba Press,
_c2012.
300 _a346 p. ;
_c24 cm.
500 _aIncludes index.
611 2 0 _aVatican Council
_n(2nd :
_d1962-1965 :
_cBasilica di San Pietro in Vaticano)
_xInfluence.
_92975
650 0 _aChristian ethics.
_92976
650 0 _aPastoral theology
_xCatholic Church.
_92977
906 _a7
_bcbc
_corignew
_d2
_encip
_f20
_gy-gencatlg
942 _2lcc
_cMONOGRAPH
999 _c118456
_d118456